Sunlfamid và nhóm hóa chất trị liệu dùng trong thú y
Сохранить в:
| Главный автор: | |
|---|---|
| Формат: | |
| Язык: | Undetermined |
| Опубликовано: |
Tp. HCM
Trẻ
|
| Предметы: | |
| Метки: |
Добавить метку
Нет меток, Требуется 1-ая метка записи!
|
| Thư viện lưu trữ: | Trung tâm Học liệu Trường Đại học Cần Thơ |
|---|
| LEADER | 00506nam a2200181Ia 4500 | ||
|---|---|---|---|
| 001 | CTU_61997 | ||
| 008 | 210402s9999 xx 000 0 und d | ||
| 020 | |b 13000 | ||
| 082 | |a 636.08953 | ||
| 082 | |b N312 | ||
| 100 | |a Võ Văn Ninh | ||
| 245 | 0 | |a Sunlfamid và nhóm hóa chất trị liệu dùng trong thú y | |
| 245 | 0 | |c Võ Văn Ninh | |
| 260 | |a Tp. HCM | ||
| 260 | |b Trẻ | ||
| 650 | |a veterinary drugs | ||
| 904 | |i Minh | ||
| 980 | |a Trung tâm Học liệu Trường Đại học Cần Thơ | ||